Kuvavisa: Aasian suurimmat L:llä alkavat kaupungit - Statistics

Yleistilastot
  • Tätä visaa on pelattu 16 kertaa
  • Keskiarvotulos 5 / 16
Vastaustilastot
Kuvavisa Hint Vastaus % Oikein
🇵🇰 11 120 000 Lahore
100%
🇮🇳 2 900 000 Lucknow
75%
🇨🇳 3 010 000 Lánzhōu
67%
🇨🇳 2 740 000 Línyí
50%
🇮🇳 1 620 000 Ludhiāṇā
33%
🇨🇳 1 130 000 Lúzhōu
25%
🇨🇳 1 020 000 Liáochéng
17%
🇨🇳 760 000 Liáoyáng
17%
🇨🇳 2 200 000 Liǔzhōu
17%
🇨🇳 2 230 000 Luòyáng
17%
🇨🇳 890 000 Lángfāng
8%
🇨🇳 800 000 Lèshān
8%
🇨🇳 1 070 000 Liányúngǎng
8%
🇨🇳 890 000 Liúyáng
8%
🇨🇳 1 070 000 Lùān
8%
🇨🇳 810 000 Luòhé
8%
Ehtoja vastaavia visoja ei löytynyt
Tulosjakauma
Jokaisen tuloksen saaneiden osuus
Persentiili vastausten määrän mukaan
Tuloshistoriasi
Et ole pelannut tätä visaa